Forensic Psychiatry in Islamic Jurisprudence (Record no. 14468)

MARC details
000 -LEADER
fixed length control field 00643nam a2200241 a 4500
020 ## - INTERNATIONAL STANDARD BOOK NUMBER
ISBN 9839541
082 00 - DEWEY DECIMAL CLASSIFICATION NUMBER
Classification number 340.59
Author Cutter CHA
100 ## - MAIN ENTRY--AUTHOR NAME
Author name Chaleby, Kutaiba S
245 ## - TITLE STATEMENT
Title Forensic Psychiatry in Islamic Jurisprudence
260 ## - PUBLICATION, DISTRIBUTION, ETC. (IMPRINT)
Place of publication London
Name of publisher International Ins of Islamic Law
Year of publication 2004
300 ## - PHYSICAL DESCRIPTION
Number of Pages 189p
500 ## - GENERAL NOTE
General note includes index and biblioraphy
505 2# - FORMATTED CONTENTS NOTE
Formatted contents note Notes, Bibliography, Index
650 ## - SUBJECT ADDED ENTRY--TOPICAL TERM
Topical Term Islamic-Law
942 ## - ADDED ENTRY ELEMENTS (KOHA)
Koha item type Books
700 1# -
-- Chaleby, Kutaiba S
Holdings
Collection code Home library Current library Date acquired Cost, normal purchase price Full call number Accession Number Koha item type
  Henry Martyn Institute Library Henry Martyn Institute Library 05/02/2007 365.00 340.59 CHA 021115 Books
                   Copyright © 2026 | Henry Martyn Institute | Hyderabad | TS-500052 | INDIA | Implemented by hmi.edu.in
Hit-Count:

Powered by Koha